000
00293nam a22001217a 4500
082
_a
823
_b
BLY/F
100
_a
BLYTON, ENID
245
_a
FAMOUS FIVE - 5 GO TO SMUGGLER'S TOP
260
_a
UNITED KINGDOM
_b
HODDER
_c
1991
300
_a
160
650
_a
ENGLISH STORY
_z
UNITED KINGDOM
942
_c
BK
999
_c
7238
_d
7238